000 00739nam a2200265Ia 4500
008 180523s9999 xx 000 0 und d
020 _a978-1-84078-650-7
050 _aComSc HF 5548.4
050 _b.M525P75 2016
100 _aPrice, Michael.
245 0 _aOffice 2016 /
245 0 _cMichael Price and Mike McGrath.
260 _aUnited Kingdom :
260 _bIn Easy Steps,
260 _c2016
300 _a240 pages :
300 _bcolored illustrations ;
300 _c23 cm.
500 _aIncludes index.
650 _aBusiness -- Computer programs.
650 _aComputer software.
650 _aMicrosoft office -- Handbooks, manuals, etc.
650 _xComputer programs.
650 _xMicrosoft software.
999 _c357852
_d357852